Una mujer para una obra, María Josefa Segovia Morón / (Record no. 143365)

MARC details
000 -LEADER
campo de control de longitud fija 00749nam a2200217 i 4500
001 - NÚMERO DE CONTROL
campo de control 143365
003 - IDENTIFICADOR DE NÚMERO DE CONTROL
campo de control ES-MaACL
005 - FECHA Y HORA DE LA ÚLTIMA TRANSACCIÓN
campo de control 20250507063022.0
007 - CAMPO FIJO DE DESCRIPCIÓN FÍSICA--INFORMACIÓN GENERAL
campo de control de longitud fija t|
008 - DATOS DE LONGITUD FIJA--INFORMACIÓN GENERAL
campo de control de longitud fija 070214s1962 sp r ||||1| spa d
080 ## - NÚMERO DE LA CLASIFICACIÓN DECIMAL UNIVERSAL
Número de la Clasificación Decimal Universal 929 Segovia Morón, María Josefa
100 0# - ENTRADA PRINCIPAL--NOMBRE DE PERSONA
Nombre de persona Serrano de Haro, Agustín,
Fechas asociadas al nombre 1960-
9 (RLIN) 105744
245 14 - MENCIÓN DEL TÍTULO
Título Una mujer para una obra, María Josefa Segovia Morón /
Mención de responsabilidad, etc. por Agustín Serrano de Haro.
260 ## - PUBLICACIÓN, DISTRIBUCIÓN, ETC.
Lugar de publicación, distribución, etc. Madrid :
Nombre del editor, distribuidor, etc. Paraninfo,
Fecha de publicación, distribución, etc. 1962 (
Fabricante Clemares)
300 ## - DESCRIPCIÓN FÍSICA
Extensión 116 p., 1 h. de lám. ;
Dimensiones 18 cm.
490 1# - MENCIÓN DE SERIE
Mención de serie Cuadernos Paraninfo. Serie biografías
600 14 - PUNTO DE ACCESO ADICIONAL DE MATERIA--NOMBRE DE PERSONA
Nombre de persona Segovia, Josefa.
9 (RLIN) 105151
830 1# - PUNTO DE ACCESO ADICIONAL DE SERIE-TÍTULO UNIFORME
Título uniforme Cuadernos Paraninfo. Serie biografías
9 (RLIN) 220558
852 4# - LOCALIZACIÓN
Ubicación ES-MaACL
Número de control de estantería C-24939
Holdings
Estatus retirado Estado de pérdida Estado de daño No para préstamo Biblioteca de origen Biblioteca actual Ubicación en estantería Fecha de adquisición Fuente de adquisición Total de préstamos Signatura topográfica completa Código de barras Visto por última vez Precio de reemplazo Tipo de ítem Koha
        Biblioteca del Ateneo de Madrid Biblioteca del Ateneo de Madrid Depósito 2 17/01/2008     C-24939 1149160 23/02/2023 23/02/2023 Libro impreso